Music Quiz

Random Music or The Beatles Quiz

First 4 Words With the Beatles Quiz Stats

Quiz not verified by Sporcle

Challenge
Share
Tweet
Embed
Score 0/14 Timer 06:00
0 Plays Today
Hint Answer % Correct
It Won't Be LongIt won't be long
93.7%
All My LovingClose your eyes and
84.1%
I Wanna Be Your ManI wanna be your
71.4%
Money (That's What I Want)The best things in
66.7%
Devil In Her HeartShe's got the devil
65.1%
All I've Gotta DoWhenever I want you
61.9%
Don't Bother MeSince she's been gone
61.9%
Hint Answer % Correct
Til There Was YouThere were bells on
61.9%
Little MeLittle child, little child
58.7%
You Really Got a Hold On MeI don't like you
57.1%
Hold Me TightIt feels so right
49.2%
Please Mister PostmanWait! Oh yes wait
47.6%
Roll Over BeethovenWell gonna write a
33.3%
Not A Second TimeYou know you make
33.3%

You're not logged in!

Compare scores with friends on all Sporcle quizzes.
Join for Free
OR
Log In

You Might Also Like...

Show Comments

Extras

Top Quizzes Today


Score Distribution

Your Account Isn't Verified!

In order to create a playlist on Sporcle, you need to verify the email address you used during registration. Go to your Sporcle Settings to finish the process.

Report this User

Report this user for behavior that violates our Community Guidelines.

Details: